01021cam a2200289 a 4500001000700000003000400007005001700011008004100028010001700069020002300086020002200109035002000131040002200151042001400173050002000187082001400207100003300221245012600254260011200380300004100492500004000533600004600573700001900619710002100638710004200659710003000701655419OSt20170204091922.0940309s1994 sp a bc 000 0 eng d a 94060248  a0300058632 (cloth) a0300058640 (pbk.) a(OCoLC)30100808 aOCAcOCAdIUdDLC alccopycat00aND813.G7A4 199400a759.62201 aWilson-Bareau, Juliet.d199410aGoya :btruth and fantasy : the small paintings /cexhibition curated by Juliet Wilson-Bareau, Manuela B. Mena Marqués. aMadrid :bMuseo del Prado ;aLondon :bRoyal Academy of Arts ;aChicago :bArt Institute of Chicago,c1994. a384 p. :bill. (some col.) ;c30 cm. aIncludes bibliographical references10aGoya, Francisco,d1746-1828xExhibitions.1 aMena, Manuela.2 aMuseo del Prado.2 aRoyal Academy of Arts (Great Britain)2 aArt Institute of Chicago.